Music Quiz

Random Music or Lyrics Quiz

Opening Lyrics III Quiz Stats

 Plays Quiz Updated Aug 4, 2017

Support Sporcle.
Go Orange.
Score 0/19 Timer 07:00
1 Play Today
Lyric Song % Correct
A long, long time ago, I can still remember, how that music used to make me smileAmerican Pie
70.7%
Got my first real 6 string bought at the five and dimeSummer of '69
67.5%
I thought love was only true in fairy talesI'm a Believer
65.5%
I like big butts and I cannot lieBaby Got Back
64%
She's got a smile that it seems to me reminds me of childhood memoriesSweet Child O' Mine
57.5%
Picture yourself in a boat on a river, with tangerine trees and marmalade skiesLucy in the Sky with Diamonds
56.7%
Jeremiah was a bullfrogJoy to the World
50.9%
Never made it as a wise man, I couldn't cut it as a poor man stealingHow You Remind Me
47.7%
Look at them yo-yos, that's the way you do it, you play the guitar on the MTVMoney for Nothing
41.9%
If I leave here tomorrow, would you still remember me?Free Bird
40.3%
Lyric Song % Correct
I hurt myself today to see if I still feelHurt
40.2%
Oh, life is bigger It's bigger than you, and you are not meLosing My Religion
38.2%
Do you have the time, to listen to me whineBasket Case
37.7%
Blame it all on my roots, I showed up in bootsFriends in Low Places
31.5%
I am just a poor boy though my story's seldom toldThe Boxer
28.3%
As I walk along I wonderRunaway
21.4%
There comes a time when we heed a certain callWe are the World
14%
Pretty women out walking with gorillas down my streetIs She Really Going Out With Him?
11.9%
Foot on the pedal never ever false metalNo Sleep 'Til Brooklyn
4.3%

From the Vault

NFL Referee Signals

by burlywood66

Sports 5m
We've seen some very interesting hand signals in the stands as well.
Remove Ads.
Support Sporcle.
Get the best of Sporcle when you Go Orange. This ad-free experience offers more features, more stats, and more fun while also helping to support Sporcle. Thank you for becoming a member.

Show Comments

Extras

Top Quizzes Today


Score Distribution

Your Account Isn't Verified!

In order to create a playlist on Sporcle, you need to verify the email address you used during registration. Go to your Sporcle Settings to finish the process.

Report this User

Report this user for behavior that violates our Community Guidelines.

Details: